| 000 | 00336nam a2200133Ia 4500 | ||
|---|---|---|---|
| 008 | 150201s2014 xx 000 0 und d | ||
| 082 |
_a610.73 _bC-N |
||
| 100 | _aNANDAN, LAVANYA | ||
| 245 | _aCUMLATIVE RECORD FOR GEN. NURSING & MIDWIFERY COURSE | ||
| 250 | _a1ST | ||
| 260 |
_bA.P. JAIN _aDELHI |
||
| 650 | _aNURSING | ||
| 942 |
_2ddc _cBK |
||
| 999 |
_c2344 _d2344 |
||